Kajian mengenai kependudukan ( Occupancy rate ) dan tenant turn over rate dipersikaran Segi Tiga Emas (Golden Triangle) Kuala Lumpur Wilayah Persekutuan

Bibliographic Details
Main Author: Norhaznan Nawawi
Corporate Author: INSPEN
Format: Book
Subjects:
Online Access:http://app.inspen.gov.my:7779/pls/portal/docs/PAGE/CORPORATEPAGES/PORTAL_INSPEN/LAPORAN_PENYELIDIKAN_DI_PERPUSTAKAAN/DE.PDF

MARC

LEADER 00000cam a2200000 7i4500
001 0000007411
005 20070905.0
040 |a INS 
090 0 0 |a RESEARCH 66 
100 0 |a Norhaznan Nawawi 
245 1 0 |a Kajian mengenai kependudukan ( Occupancy rate ) dan tenant turn over rate dipersikaran Segi Tiga Emas (Golden Triangle) Kuala Lumpur Wilayah Persekutuan   |c Norhaznan Nawawi 
300 |c 30cm. 
500 |a Digital document is available on-line; Please click the URL below 
650 0 0 |a Occupancy rate 
650 0 0 |a Office space   |z Kuala Lumpur 
710 2 |a INSPEN 
856 |u http://app.inspen.gov.my:7779/pls/portal/docs/PAGE/CORPORATEPAGES/PORTAL_INSPEN/LAPORAN_PENYELIDIKAN_DI_PERPUSTAKAAN/DE.PDF 
999 |a RES0000125   |b BOOK   |c Research By JPPH Staff   |e Default branch